Statistiques concernant Les super héros dans Miraculous

Cliquez ici pour prendre le quiz!

Statistiques générales

  • Ce quiz a été pris 1 030 fois
  • Le résultat moyen est 14 sur 29

Statistiques - réponses

Super héros% Correct
Chat Noir
98%
Ladybug
97%
Tikki
87%
Rena Rouge
84%
Carapace
81%
Queen Bee
81%
Plagg
80%
Le Papillon
73%
Pollen
61%
Trixx
58%
Viperion
58%
Mayura
49%
Sass
47%
Nooroo
42%
Pegase
41%
Wayzz
39%
Duusu
34%
Bunnix
31%
Roi Singe
30%
Fluff
25%
Longg
25%
MultiMouse
25%
Ryuko
25%
Kaalki
23%
Mullo
23%
Xuppu
21%
Aspik
15%
Mister Bug
13%
Lady Noire
11%

Distribution des résultats

Percentile par nombre de réponses

% des personnes avec chaque résultat

Votre développement - résultats

Vous n’avez pas pris ce quiz